00285nam a22001097a 4500008004100000020002200041082001100063100001700074245003000091260003400121300002000155230228b |||||||| |||| 00| 0 eng d a978-81-8495-653-5 a294.53 aJ.P. Vaswani aMantras for Peace of Mind bJaico Publishing House,c2015 a175 p.c19.5 cm